000 00364nam a22000977a 4500
999 _c508309
_d508309
082 _aB136x54
100 _aIndia. Ministry of Community Development
_93557
245 _aAction taken on the recommendations of the fifth development commissioners conference, Nainital
_cby Ministry of Community Development
260 _aDelhi
_bGovernment of India
_c1956
300 _a17p.